| 000 | 01550nam a22003137a 4500 | ||
|---|---|---|---|
| 001 | 1541 | ||
| 003 | FISKH | ||
| 005 | 20230905154427.0 | ||
| 008 | 230905b cb ||||| |||| 00| 0 khr d | ||
| 020 | _a9789996305580 | ||
| 040 |
_aFISKH _beng _cFISKH _dFISKH |
||
| 082 | _a599.32 | ||
| 100 | _aStewart, Amber | ||
| 245 |
_aខ្ញុំស្រលាញ់កន្សែងខ្ញុំ / _cអេមប៊ឺរ ស្ទេវ៉ាត - លែន ម៉ាឡូ - បកប្រែពីភាសាអង់គ្លេសដោយ គ្រេងបញ្ញា |
||
| 250 | _aបោះពុម្ពលើកទី៧ មឧសភា ២០២២ | ||
| 260 |
_aPhnom Penh : _bSipar, _c2007. |
||
| 300 |
_a27 pages : _bcolor illustrations ; _c24 cm |
||
| 490 | _aរឿងដំបូងៗ | ||
| 505 | _aG | ||
| 520 | _aស៊ីស៊ីជាកូនទន្សាយតូចមួយ។ ទោះបីជានាងកាន់តែធំឡើងជារៀងរាល់ថ្ងៃក៏ដោយ ក៏នាងមិនអាចបោះបង់កន្សែងរបស់នាងបានដែរ។ | ||
| 520 | _aSisi is a baby rabbit. Even as she grew older every day, she could not give up her towel. | ||
| 521 | 8 |
_a380
_bLexile estimate |
|
| 521 | 8 |
_aG _bRaz-Plus |
|
| 650 |
_aកន្សែង _vទន្សាយ _xផែនការ |
||
| 650 |
_aTowel _vRabbit _xPlan |
||
| 700 |
_aVichheka, Huot _eTranslator |
||
| 700 |
_dPanha, Kreng _eillustrator |
||
| 942 |
_2ddc _cBK _n0 |
||
| 999 |
_c1541 _d1541 |
||